Kabale University Library Catalogue

The doctor's dilemma (Record no. 5897)

MARC details
000 -LEADER
fixed length control field 01634cim a2200421 a 4500
001 - CONTROL NUMBER
control field 12335267
003 - CONTROL NUMBER IDENTIFIER
control field OSt
005 - DATE AND TIME OF LATEST TRANSACTION
control field 20260129114116.0
007 - PHYSICAL DESCRIPTION FIXED FIELD--GENERAL INFORMATION
fixed length control field ss|lsnjlcmnnue
008 - FIXED-LENGTH DATA ELEMENTS--GENERAL INFORMATION
fixed length control field 010305s1999 caunnn d eng
010 ## - LIBRARY OF CONGRESS CONTROL NUMBER
LC control number 2001537179
020 ## - INTERNATIONAL STANDARD BOOK NUMBER
International Standard Book Number 0140450270
035 ## - SYSTEM CONTROL NUMBER
System control number 12335267
040 ## - CATALOGING SOURCE
Original cataloging agency KABLIB
Transcribing agency KABLIB
Modifying agency KABLIB
050 00 - LIBRARY OF CONGRESS CALL NUMBER
Classification number RYI 4859, etc.
082 ## - DEWEY DECIMAL CLASSIFICATION NUMBER
Edition number 23
Classification number 822
Item number SHA
100 1# - MAIN ENTRY--PERSONAL NAME
Personal name Shaw, Bernard,
Dates associated with a name 1856-1950.
9 (RLIN) 14876
245 14 - TITLE STATEMENT
Title The doctor's dilemma
Statement of responsibility, etc. by George Bernard Shaw.
260 ## - PUBLICATION, DISTRIBUTION, ETC.
Place of publication, distribution, etc. New york
Name of publisher, distributor, etc. penguine
Date of publication, distribution, etc. c 1957
300 ## - PHYSICAL DESCRIPTION
Extent 187 p. :
508 ## - CREATION/PRODUCTION CREDITS NOTE
Creation/production credits note Directed by Rosalind Ayres ; produced by L.A. Theatre Works.
511 1# - PARTICIPANT OR PERFORMER NOTE
Participant or performer note Martin Jarvis, Roy Dotrice, Jennifer Dundas Lowe, Douglas Weston & Paxton Whitehead ; with supporting cast.
520 ## - SUMMARY, ETC.
Summary, etc. Presents a satire of the medical profession in which a well-respected physician is forced to choose between saving either a bumbling friend or the con artist husband of the woman he loves.
650 #0 - SUBJECT ADDED ENTRY--TOPICAL TERM
Topical term or geographic name entry element Radio plays.
9 (RLIN) 14877
650 #0 - SUBJECT ADDED ENTRY--TOPICAL TERM
Topical term or geographic name entry element Physicians
Form subdivision Drama.
9 (RLIN) 14878
655 #7 - INDEX TERM--GENRE/FORM
Genre/form data or focus term Drama.
Source of term lcgft
Authority record control number or standard number https://id.loc.gov/authorities/genreForms/gf2014026297
9 (RLIN) 6222
700 1# - ADDED ENTRY--PERSONAL NAME
Personal name Ayres, Rosalind.
9 (RLIN) 14879
700 1# - ADDED ENTRY--PERSONAL NAME
Personal name Jarvis, Martin.
Relationship prf
9 (RLIN) 14880
700 1# - ADDED ENTRY--PERSONAL NAME
Personal name Dotrice, Roy,
Dates associated with a name 1923-2017.
Relationship prf
9 (RLIN) 14881
700 1# - ADDED ENTRY--PERSONAL NAME
Personal name Lowe, Jennifer Dundas.
Relationship prf
9 (RLIN) 14882
700 1# - ADDED ENTRY--PERSONAL NAME
Personal name Weston, Douglas.
Relationship prf
9 (RLIN) 14883
700 1# - ADDED ENTRY--PERSONAL NAME
Personal name Whitehead, Paxton.
Relationship prf
9 (RLIN) 14884
710 2# - ADDED ENTRY--CORPORATE NAME
Corporate name or jurisdiction name as entry element L.A. Theatre Works.
9 (RLIN) 14885
906 ## - LOCAL DATA ELEMENT F, LDF (RLIN)
a 7
b cbc
c orignew
d 3
e ncip
f 20
g y-genmusic
942 ## - ADDED ENTRY ELEMENTS (KOHA)
Source of classification or shelving scheme Dewey Decimal Classification
Koha item type Book
Holdings
Withdrawn status Lost status Source of classification or shelving scheme Damaged status Not for loan Home library Current library Date acquired Total Checkouts Full call number Barcode Date last seen Price effective from Koha item type
    Dewey Decimal Classification     Education Library Education Library 29.01.2026   822 SHA 14157 29.01.2026 29.01.2026 Book
    Dewey Decimal Classification     Education Library Education Library 29.01.2026   822 SHA 14158 29.01.2026 29.01.2026 Book
    Dewey Decimal Classification     Education Library Education Library 29.01.2026   822 SHA 14159 29.01.2026 29.01.2026 Book
    Dewey Decimal Classification     Education Library Education Library 29.01.2026   822 SHA 14160 29.01.2026 29.01.2026 Book
    Dewey Decimal Classification     Education Library Education Library 29.01.2026   822 SHA 14161 29.01.2026 29.01.2026 Book

Kabale University Library | Kabale University P.O Box 317, Kabale, Uganda
Tel : +256754017033, +256774661503 E-mail : library@kab.ac.ug